New Finland Quiz - Statistics

General Stats
  • This quiz has been taken 202 times
  • The average score is 10 of 15
Answer Stats
Hint Answer % Correct
Northernmost region Lapland
93%
First female president Tarja Halonen
90%
Salty licorice Salmiakki
88%
Finland's national animal bear
87%
Year when Finland joined the EU 1995
78%
Region where Helsinki is located Uusimaa
76%
largest candy company Fazer
75%
Calling code +358
71%
Region that is located both in Finland and Russia Karelia
71%
Name of Finnish Parliament Eduskunta
68%
Finnish architecht, designer, sculptor and painter Aalto
62%
"Morning newspaper" Aamulehti
53%
Most popular meat pork
47%
Year women first granted suffrage at national level 1906
33%
Number of national parks 37
25%
No matching quizzes found
Score Distribution
Percent of People with Each Score
Percentile by Number Answered
Your Score History
You have not taken this quiz